| 000 | 00586nam a2200205Ii 4500 | ||
|---|---|---|---|
| 003 | JO-AjNU | ||
| 008 | 230606s9999||||xx |||||||||||||| ||und|| | ||
| 020 | _a978-0-7356-2129-9 | ||
| 040 |
_aJO-AjNU _beng _erda _cJO-AjNU |
||
| 041 | _aeng | ||
| 050 | 1 | 4 | _aQA76.73.C154.S5.2006 |
| 100 | 3 |
_aSHARP,John, _eauthor _91179 |
|
| 245 | 0 | 0 | _aMicrosoft Visual C#2005 step by step |
| 264 | 3 | 1 | _aCanada,2006 |
| 300 | _a554p | ||
| 336 |
_atext _btxt _2rdacontent |
||
| 337 |
_aunmediated _bn _2rdamedia |
||
| 338 |
_avolume _bnc _2rdacarrier |
||
| 650 | 4 |
_aMicrosoft Visual C#2005 step by step _91180 |
|
| 999 |
_aE618 _c618 _d618 |
||